00195nam a22000857a 4500082001000000100001500010245003200025260004300057300000900100 aO P45 aPuri, S.S. aMusings of a himalayan monk aBanglorebSetty charitable trustc2006 a84p.